Corporate Accounting (Record no. 196549)

MARC details
000 -LEADER
fixed length control field 00593 a2200205 4500
005 - DATE AND TIME OF LATEST TRANSACTION
control field 20230714162845.0
010 ## - LCCN (DPL NO)
LC control number ENG-137404
020 ## - INTERNATIONAL STANDARD BOOK NUMBER
Terms of availability 290.00
035 ## - SYSTEM CONTROL NUMBER
System control number EN-120936
037 ## - SOURCE OF ACQUISITION
Source of stock number/acquisition DBAD/Pub
082 14 - DEWEY DECIMAL CLASSIFICATION NUMBER
Classification number 657.95
100 ## - MAIN ENTRY--PERSONAL NAME
Personal name Prasad, G.
245 1# - TITLE STATEMENT
Title Corporate Accounting
Statement of responsibility, etc G. Prasad [and] K. S. R. Krishna Prasad
250 ## - EDITION STATEMENT
Edition statement First edition.
260 ## - PUBLICATION, DISTRIBUTION, ETC. (IMPRINT)
Place of publication, distribution, etc Guntur
Name of publisher, distributor, etc Jai Bharath Publishers
Date of publication, distribution, etc 2010
270 ## - ADDRESS
Address 2/18 Brodiepet
City Guntur
Postal code 522 002
300 ## - PHYSICAL DESCRIPTION
Extent vpp.;
Dimensions 25cm(pbk)
700 ## - ADDED ENTRY--PERSONAL NAME
Personal name Prasad, K.S.R. Krishna
942 ## - ADDED ENTRY ELEMENTS (KOHA)
Item type English Books
Source of classification or shelving scheme Dewey Decimal Classification
Classification part 657.95
Call number suffix PRA
Edition First edition
Holdings
Withdrawn status Lost status Not for loan Collection code Home library Current library Date acquired Source of acquisition Cost, normal purchase price Full call number Barcode Copy number Cost, replacement price Koha item type
      Non-fiction Narela Narela 14/07/2023 DBAD/PUB 290.00 657.95 PRA EN-120936 1 290.00 English Books

© Delhi Public Library
Hit Counter
free hit counter